00330 a2200121 450000100060000010000110000624500220001726000260003909000170006594200230008299900190010595200840012443421 aTrewin aPlays of the Year aNew YorkbPaul Elekc c27244d27244 aNUST-CAEcMc19163 c278494d278494 001040708NFICaCAEbCAEd2017-04-03l0pCAE41114r2017-04-05w2017-04-05yBK